| 000 | 01319pam a2200397 i 4500 | ||
|---|---|---|---|
| 999 |
_c27079 _d27051 |
||
| 001 | 014904170 | ||
| 003 | Uk | ||
| 005 | 20190207102130.0 | ||
| 008 | 081216s2009 nyua b 001 0 eng d | ||
| 015 |
_aGBA915581 _2bnb |
||
| 016 | 7 |
_a014904170 _2Uk |
|
| 020 | _a9781606230664 (hbk.) : | ||
| 020 | _a9781606230657 (pbk.) : | ||
| 040 |
_aStDuBDS _beng _cStDuBDS _dUk _dEG-ScBUE |
||
| 082 | 0 | 4 |
_a338.9 _222 _bPEE. |
| 100 | 1 | _aPeet, Richard. | |
| 245 | 1 | 0 |
_aTheories of development : _bcontentions, arguments, alternatives _cRichard Peet with Elaine Hartwick. |
| 250 | _a2nd edition. | ||
| 264 |
_aNew york: _bThe Guilford press; _c2009. |
||
| 300 |
_axii, 324 pages : _billustration ; _c24 cm. |
||
| 336 |
_atext _2rdacontent |
||
| 337 |
_aunmediated _2rdamedia |
||
| 338 |
_avolume _2rdacarrier |
||
| 500 | _aPrevious ed.: 1999. | ||
| 500 |
_aFormerly CIP. _5Uk |
||
| 504 | _aIncludes bibliographical references and index. | ||
| 650 | 7 |
_aEconomic development. _2BUEsh |
|
| 650 | 7 |
_aCapitalism. _2BUEsh |
|
| 650 | 7 |
_aMarxian economics. _2BUEsh |
|
| 653 | _cFebruary2019 | ||
| 690 | 7 |
_aManagement and Business Studies _2blcoll |
|
| 700 | 1 |
_aHartwick, Elaine R. _q(Elaine Rachel), _d1961- |
|
| 942 |
_2ddc _cBB |
||